|
|
|
|
| LEADER |
01656nam a2200397 i 4500 |
| 001 |
EBC4533771 |
| 003 |
MiAaPQ |
| 005 |
20200520144314.0 |
| 006 |
m o d | |
| 007 |
cr cnu|||||||| |
| 008 |
160614t20162016enk o 001 0 eng d |
| 020 |
|
|
|z 9781119278337
|
| 020 |
|
|
|a 9781119278290
|q (electronic bk.)
|
| 035 |
|
|
|a (MiAaPQ)EBC4533771
|
| 035 |
|
|
|a (Au-PeEL)EBL4533771
|
| 035 |
|
|
|a (CaPaEBR)ebr11214883
|
| 035 |
|
|
|a (OCoLC)951222861
|
| 040 |
|
|
|a MiAaPQ
|b eng
|e rda
|e pn
|c MiAaPQ
|d MiAaPQ
|
| 050 |
|
4 |
|a HF5415.13
|b .M375 2016
|
| 082 |
0 |
|
|a 658.8
|2 23
|
| 245 |
0 |
0 |
|a Marketing performance :
|b 10 simple rules to navigate today's complex marketing analytics space /
|c Thomas Bauer [and three others].
|
| 264 |
|
1 |
|a Chichester, West Sussex, England :
|b Wiley,
|c 2016.
|
| 264 |
|
4 |
|c 2016
|
| 300 |
|
|
|a 1 online resource (200 pages)
|
| 336 |
|
|
|a text
|2 rdacontent
|
| 337 |
|
|
|a computer
|2 rdamedia
|
| 338 |
|
|
|a online resource
|2 rdacarrier
|
| 500 |
|
|
|a Includes index.
|
| 588 |
|
|
|a Description based on print version record.
|
| 590 |
|
|
|a Electronic reproduction. Ann Arbor, MI : ProQuest, 2016. Available via World Wide Web. Access may be limited to ProQuest affiliated libraries.
|
| 650 |
|
0 |
|a Marketing
|x Management.
|
| 655 |
|
4 |
|a Electronic books.
|
| 700 |
1 |
|
|a Bauer, Thomas,
|e author.
|
| 776 |
0 |
8 |
|i Print version:
|t Marketing performance : 10 simple rules to navigate today's complex marketing analytics space.
|d Chichester, West Sussex, England : Wiley, c2016
|h 185 pages
|z 9781119278337
|w 2016015986
|
| 797 |
2 |
|
|a ProQuest (Firm)
|
| 856 |
4 |
0 |
|u https://ebookcentral.proquest.com/lib/matrademy/detail.action?docID=4533771
|z Click to View
|